[Event "265th YMCA Autumn B"]
[Site "Warsaw"]
[Date "2022.11.25"]
[Round "9"]
[White "Mlynarski, Zbigniew"]
[Black "Szumigaj, Marcin"]
[Result "1-0"]
[WhiteElo "1588"]
[BlackElo "1510"]
[PlyCount "67"]
[EventDate "2022.09.28"]
[EventType "tourn"]
[EventRounds "1"]
[EventCountry "POL"]
[SourceDate "2022.09.28"]

1. d4 e6 2. c4 d5 3. Nc3 Nf6 4. Bg5 Be7 5. e3 O-O 6. Nf3 Nbd7 7. Bd3 dxc4 8.
Bxc4 c5 9. O-O a6 10. a4 Qc7 11. Qe2 cxd4 12. exd4 Nb6 13. Bb3 h6 14. Bh4 g5
15. Bg3 Bd6 16. Be5 Nbd7 17. Rac1 Qb8 18. Ne4 Bxe5 19. dxe5 Nxe4 20. Qxe4 Kg7
21. h4 b6 22. hxg5 h5 23. Bc2 Rh8 24. g6 f6 25. Rfd1 f5 26. Qh4 Nxe5 27. Qe7+
Kh6 28. g7 Nxf3+ 29. gxf3 Rg8 30. Kh1 Rxg7 31. Qe8 Qb7 32. Qh8+ Kg6 33. Rg1+
Kf6 34. Qh6+ 1-0

[Event "265th YMCA Autumn B"]
[Site "Warsaw"]
[Date "2022.11.23"]
[Round "9"]
[White "Kurowski, Maciej"]
[Black "Klim, Juliusz"]
[Result "0-1"]
[WhiteElo "1575"]
[BlackElo "1471"]
[PlyCount "74"]
[EventDate "2022.09.28"]
[EventType "tourn"]
[EventRounds "1"]
[EventCountry "POL"]
[SourceDate "2022.09.28"]

1. e4 c5 2. Nf3 d6 3. d4 cxd4 4. Nxd4 Nf6 5. Nc3 a6 6. Bg5 e6 7. Qf3 Be7 8.
O-O-O O-O 9. e5 Nd5 10. Bxe7 Nxe7 11. exd6 Qxd6 12. Nf5 Qc7 13. Nxe7+ Qxe7 14.
Bd3 Nd7 15. Rhe1 Nc5 16. Bxh7+ Kxh7 17. Qh5+ Kg8 18. Nd5 Qd8 19. Rd4 g6 20. Qh6
exd5 21. Rh4 Qxh4 22. Qxh4 Be6 23. Qd4 Rac8 24. h4 Bf5 25. Re2 Ne6 26. Qf6 Nf4
27. Rd2 Rfe8 28. b3 Nd3+ 29. Rxd3 Bxd3 30. c3 Re2 31. h5 gxh5 32. Qg5+ Bg6 33.
f4 Rxc3+ 34. Kd1 Rf2 35. g3 Rcc2 36. f5 Rxa2 37. Qd8+ Kg7 0-1

[Event "265th YMCA Autumn B"]
[Site "Warsaw"]
[Date "2022.11.29"]
[Round "10"]
[White "Dropia, Rafal"]
[Black "Klim, Juliusz"]
[Result "0-1"]
[WhiteElo "1568"]
[BlackElo "1471"]
[PlyCount "136"]
[EventDate "2022.09.28"]
[EventType "tourn"]
[EventRounds "1"]
[EventCountry "POL"]
[SourceDate "2022.09.28"]

1. d4 d5 2. Bf4 Nf6 3. e3 c5 4. Nf3 Nc6 5. c3 Qb6 6. Qb3 c4 7. Qxb6 axb6 8. Na3
Ra5 9. Bc7 e6 10. Nc2 Kd7 11. Bg3 Bd6 12. Ne5+ Bxe5 13. dxe5 Ne4 14. f4 b5 15.
Be2 b6 16. Bf3 Nc5 17. O-O Bb7 18. Nb4 Rha8 19. a3 Ne7 20. Rad1 Kc7 21. Bf2 Rg8
22. g4 g5 23. fxg5 Ng6 24. Bg3 Nd7 25. Bg2 Rg7 26. e4 dxe4 27. Rfe1 Nc5 28. Rf1
Nd3 29. Rd2 Kc8 30. Nxd3 exd3 31. Bxb7+ Kxb7 32. Rdf2 Kc6 33. Rxf7 Ra7 34. R7f6
Kd5 35. Re1 Rad7 36. Kf2 Rge7 37. h4 Nh8 38. h5 Rg7 39. Bf4 Nf7 40. g6 hxg6 41.
h6 Rg8 42. g5 Nd8 43. Be3 Kc6 44. Bd4 Rf7 45. Ke3 Rxf6 46. exf6 Nf7 47. Kf4 e5+
48. Bxe5 Re8 49. h7 d2 50. Rd1 Rxe5 51. Rxd2 Rxg5 52. Rd8 Rh5 53. Ra8 Rxh7 54.
Re8 g5+ 55. Kg4 Rh4+ 56. Kg3 Rh6 57. Re6+ Kd5 58. Rxb6 Nd6 59. f7 Rf6 60. Kg4
Rxf7 61. Kxg5 Rf2 62. a4 Rxb2 63. axb5 Rxb5 64. Ra6 Rb3 65. Ra5+ Nb5 66. Kf4
Kc5 67. Ke3 Rxc3+ 68. Kd2 Ra3 0-1

[Event "265th YMCA Autumn B"]
[Site "Warsaw"]
[Date "2022.12.02"]
[Round "10"]
[White "Szumigaj, Marcin"]
[Black "Kurowski, Maciej"]
[Result "0-1"]
[WhiteElo "1510"]
[BlackElo "1575"]
[PlyCount "78"]
[EventDate "2022.09.28"]
[EventType "tourn"]
[EventRounds "1"]
[EventCountry "POL"]
[SourceDate "2022.09.28"]

1. e4 e5 2. Nf3 Nc6 3. Bb5 a6 4. Ba4 Nge7 5. O-O g6 6. Re1 Bg7 7. c3 O-O 8. d3
d6 9. Nbd2 h6 10. Nf1 Kh7 11. Bc2 f5 12. exf5 Nxf5 13. Ne3 Qf6 14. Qe2 Nce7 15.
Ng4 Qf7 16. Bb3 Qe8 17. h3 Bd7 18. d4 exd4 19. Nxd4 Nxd4 20. cxd4 Nf5 21. Qd1
Qd8 22. Be3 Nxe3 23. Rxe3 Qg5 24. Bc2 Rf4 25. Rf3 Bxg4 26. hxg4 Rxg4 27. g3
Rxd4 28. Qe1 Rf8 29. Rxf8 Bxf8 30. Qe6 Bg7 31. Re1 Qf6 32. Re2 h5 33. Qd7 Rg4
34. Re6 Qd4 35. Kg2 Qd5+ 36. Kg1 Qc5 37. Re7 Qd4 38. Kg2 Kh6 39. Qxc7 h4 $138
0-1

[Event "265th YMCA Autumn B"]
[Site "Warsaw"]
[Date "2022.11.30"]
[Round "10"]
[White "Tsiapko, Andrii"]
[Black "Mlynarski, Zbigniew"]
[Result "1/2-1/2"]
[WhiteElo "1590"]
[BlackElo "1588"]
[PlyCount "102"]
[EventDate "2022.09.28"]
[EventType "tourn"]
[EventRounds "1"]
[EventCountry "POL"]
[SourceDate "2022.09.28"]

1. d4 Nf6 2. Nf3 d6 3. Nbd2 Bf5 4. e3 Nbd7 5. Bd3 Bxd3 6. cxd3 c5 7. O-O g6 8.
dxc5 Nxc5 9. d4 Nce4 10. Nxe4 Nxe4 11. d5 Nc5 12. Qd4 f6 13. b4 e5 14. dxe6
Nxe6 15. Qe4 Qe7 16. Bb2 Bg7 17. Nd4 Nxd4 18. Qxd4 O-O 19. Rfd1 Rfd8 20. Rac1
Qf7 21. a4 a6 22. g3 Rac8 23. Rxc8 Rxc8 24. Qxd6 Qb3 25. Qd5+ Qxd5 26. Rxd5 Rc7
27. Bd4 f5 28. Bc5 Kf7 29. Kf1 Bf8 30. Bxf8 Kxf8 31. Ke2 Rc4 32. Rd4 Rc2+ 33.
Rd2 Rc4 34. Rd4 Rc2+ 35. Kf3 Ke7 36. h4 b6 37. h5 Ra2 38. b5 axb5 39. axb5 Rb2
40. Rc4 Rxb5 41. hxg6 hxg6 42. Rc6 Kf7 43. Kf4 Rb2 44. f3 Rb3 45. g4 fxg4 46.
fxg4 Rb5 47. g5 Rf5+ 48. Kg4 Re5 49. Rxb6 Rxe3 50. Rb7+ Kg8 51. Kf4 Re6 1/2-1/2

[Event "265th YMCA Autumn B"]
[Site "Warsaw"]
[Date "2022.12.01"]
[Round "10"]
[White "Wojciechowski, Franciszek"]
[Black "Kwiek, Janusz"]
[Result "1-0"]
[WhiteElo "1503"]
[BlackElo "1428"]
[PlyCount "69"]
[EventDate "2022.09.28"]
[EventType "tourn"]
[EventRounds "1"]
[EventCountry "POL"]
[SourceDate "2022.09.28"]

1. d4 d5 2. c4 c6 3. cxd5 cxd5 4. Bf4 e6 5. Nc3 Nc6 6. e3 Bd6 7. Bxd6 Qxd6 8.
f4 Nf6 9. Bd3 Bd7 10. Nf3 Nb4 11. Bb1 O-O 12. O-O Rac8 13. Ne5 Bc6 14. Rf3 Ne4
15. a3 Na6 16. Rh3 f5 17. Bxe4 dxe4 18. Qh5 h6 19. g4 fxg4 20. Qxg4 Rf6 21. Kh1
Rc7 22. Rg1 Be8 23. Nxe4 Qf8 24. Nxf6+ Qxf6 25. Qg2 Nb8 26. Ng4 Qg6 27. Nxh6+
gxh6 28. Qxg6+ Bxg6 29. Rxh6 Rc2 30. Rhxg6+ Kf7 31. R6g2 Rc8 32. Rg7+ Kf6 33.
Rxb7 a6 34. e4 Rd8 35. Rbg7 1-0

[Event "265th YMCA Autumn B"]
[Site "Warsaw"]
[Date "2022.12.07"]
[Round "11"]
[White "Jaroszuk, Marcin"]
[Black "Bartczak, Hanna"]
[Result "1/2-1/2"]
[WhiteElo "1495"]
[BlackElo "1501"]
[PlyCount "95"]
[EventDate "2022.09.28"]
[EventType "tourn"]
[EventRounds "1"]
[EventCountry "POL"]
[SourceDate "2022.09.28"]

1. Nf3 c5 2. g3 Nc6 3. d4 cxd4 4. Nxd4 g6 5. Bg2 Bg7 6. Nxc6 bxc6 7. O-O Bb7 8.
c4 Nf6 9. Nc3 O-O 10. Bf4 Nh5 11. Be3 Nf6 12. Qc2 Qc7 13. Rac1 d6 14. Rfd1 c5
15. Nb5 Qb6 16. Bxb7 Qxb7 17. Nc3 Ng4 18. Bd2 Bd4 19. e3 Qf3 20. Be1 Bg7 21. b3
Ne5 22. Qe4 Qxe4 $11 23. Nxe4 Nf3+ 24. Kg2 Nxe1+ 25. Rxe1 a5 26. Nc3 Bxc3 27.
Rxc3 a4 28. e4 axb3 29. axb3 f6 30. Re2 Ra3 31. f4 Rb8 32. Rb2 Rb4 33. Kf3 Kf7
34. Ke3 e6 35. Ke2 h5 36. Rd3 Ke7 37. Rbd2 Rb6 38. e5 fxe5 39. fxe5 dxe5 40.
Re3 Kf6 41. Rd8 Raxb3 42. Rc8 Kf5 43. Rf8+ Kg4 44. Re4+ Kh3 45. Rh4+ Kg2 46.
Rf2+ Kg1 47. Rf1+ Kg2 48. Rf2+ $11 1/2-1/2

[Event "265th YMCA Autumn B"]
[Site "Warsaw"]
[Date "2022.11.09"]
[Round "11"]
[White "Kwiek, Janusz"]
[Black "Pichurko, Jakub"]
[Result "1/2-1/2"]
[WhiteElo "1428"]
[BlackElo "1698"]
[PlyCount "100"]
[EventDate "2022.09.28"]
[EventType "tourn"]
[EventRounds "1"]
[EventCountry "POL"]
[SourceDate "2022.09.28"]

1. d4 d5 2. Bf4 Nf6 3. e3 c6 4. Nf3 Bg4 5. Be2 g6 6. c3 Bg7 7. h3 Bxf3 8. Bxf3
O-O 9. Nd2 Nfd7 10. Qb3 Qb6 11. O-O e5 12. dxe5 Nxe5 13. Bxe5 Bxe5 14. Qxb6
axb6 15. Be2 b5 16. Nf3 Bg7 17. Nd4 Nd7 18. a3 Ne5 19. Rfd1 Rfe8 20. Kf1 Bf8
21. Rac1 Nd7 22. Rd2 Nc5 23. Bf3 Bg7 24. Re1 Re7 25. g3 Rae8 26. h4 h5 27. Rdd1
Na4 28. Re2 Nb6 29. Rc2 Nc4 30. Re2 Ne5 31. Bg2 Nc4 32. Bf3 Nd6 33. Rc2 Bf6 34.
Re2 Kg7 35. Ra1 Ra8 36. Rd1 Kf8 37. Rde1 Bxd4 38. exd4 Rxe2 39. Rxe2 Nc4 40.
Rc2 Re8 41. Be2 Nd6 42. Bd3 f5 43. Re2 Kf7 44. Rxe8 Nxe8 45. Ke2 Nf6 46. f3 $11
Nd7 47. Ke3 Kf6 48. Kf4 Nf8 49. b3 Ne6+ 50. Ke3 Nd8 $11 1/2-1/2

[Event "265th YMCA Autumn B"]
[Site "Warsaw"]
[Date "2022.12.08"]
[Round "11"]
[White "Mlynarski, Zbigniew"]
[Black "Wojciechowski, Franciszek"]
[Result "1/2-1/2"]
[WhiteElo "1588"]
[BlackElo "1503"]
[PlyCount "96"]
[EventDate "2022.09.28"]
[EventType "tourn"]
[EventRounds "1"]
[EventCountry "POL"]
[SourceDate "2022.09.28"]

1. d4 Nf6 2. c4 b6 3. Nf3 Bb7 4. e3 e6 5. Bd3 Be7 6. O-O O-O 7. Nc3 d6 8. e4
Nbd7 9. Qc2 e5 10. d5 Nc5 11. Be2 a5 12. Bd2 Bc8 13. a3 Ne8 14. b4 Nb7 15. Bd3
g6 16. Bh6 Ng7 17. Nd2 Bg5 18. Bxg5 Qxg5 19. Nf3 Qe7 20. Rfe1 f5 21. exf5 Nxf5
22. Ne4 Nh4 23. Nxh4 Qxh4 24. g3 Qh6 25. c5 bxc5 26. bxc5 Bf5 27. c6 Nd8 28.
Nc3 Bxd3 29. Qxd3 Nf7 30. h4 g5 31. Re4 Kh8 32. Kg2 Rg8 33. Rh1 g4 34. Nb5 Rac8
35. Ra4 Qf6 36. Rxa5 Rgf8 37. Ra7 Ng5 38. Rf1 Nh3 39. Nxc7 Rb8 40. Ne6 e4 41.
Qxe4 Qxf2+ 42. Rxf2 Rxf2+ 43. Kh1 Rf1+ 44. Kh2 Rb2+ 45. Qg2 Rxg2+ 46. Kxg2 Rf2+
$11 47. Kh1 Rf1+ 48. Kh2 Rf2+ 1/2-1/2

[Event "265th YMCA Autumn B"]
[Site "Warsaw"]
[Date "2022.12.01"]
[Round "11"]
[White "Kurowski, Maciej"]
[Black "Tsiapko, Andrii"]
[Result "1/2-1/2"]
[WhiteElo "1575"]
[BlackElo "1590"]
[PlyCount "75"]
[EventDate "2022.09.28"]
[EventType "tourn"]
[EventRounds "1"]
[EventCountry "POL"]
[SourceDate "2022.09.28"]

1. e4 c5 2. Nf3 Nc6 3. Bb5 g6 4. Bxc6 dxc6 5. d3 Bg7 6. h3 Nf6 7. Nc3 O-O 8.
Be3 b6 9. O-O Ne8 10. Qd2 e5 11. Bh6 f6 12. a4 a5 13. Nh2 Qe7 14. Bxg7 Nxg7 15.
f4 exf4 16. Rxf4 Ne6 17. Rf2 Nd4 18. Nf3 Be6 19. b3 Qd6 20. Re1 Bxh3 21. Nxd4
cxd4 22. gxh3 dxc3 23. Qxc3 c5 24. e5 fxe5 25. Qxe5 Qxe5 26. Rxe5 Rxf2 27. Kxf2
Kf7 28. Re4 Rd8 29. Ke3 Kf6 30. c3 g5 31. b4 cxb4 32. cxb4 Rd5 33. bxa5 bxa5
34. d4 h5 35. Kd3 Kf5 36. Ke3 Kf6 37. Kf3 Kf5 38. Ke3 1/2-1/2

[Event "265th YMCA Autumn B"]
[Site "Warsaw"]
[Date "2022.11.22"]
[Round "11"]
[White "Klim, Juliusz"]
[Black "Szumigaj, Marcin"]
[Result "1-0"]
[WhiteElo "1471"]
[BlackElo "1510"]
[PlyCount "67"]
[EventDate "2022.09.28"]
[EventType "tourn"]
[EventRounds "1"]
[EventCountry "POL"]
[SourceDate "2022.09.28"]

1. e4 c6 2. d4 d5 3. Nc3 dxe4 4. Nxe4 Nf6 5. Nxf6+ exf6 6. c3 Bd6 7. Bd3 O-O 8.
Qc2 Re8+ 9. Ne2 h5 10. O-O Qc7 11. g3 Nd7 12. Nf4 h4 13. Qd1 Nf8 14. Qh5 Bd7
15. Qxh4 g5 16. Qh6 gxf4 17. gxf4 f5 18. Kh1 Ng6 19. Rg1 Bf8 20. Rxg6+ fxg6 21.
Qxg6+ Bg7 22. Bc4+ Be6 23. Bxe6+ Kf8 24. b3 c5 25. Ba3 b6 26. Qxf5+ Ke7 27. Re1
Kd8 28. Qd5+ Ke7 29. dxc5 Qxf4 30. Qd7+ Kf6 31. Qf7+ Kg5 32. Rg1+ Kh4 33. Qxf4+
Kh5 34. Bf7# 1-0

[Event "265th YMCA Autumn B"]
[Site "Warsaw"]
[Date "2022.12.14"]
[Round "12"]
[White "Mlynarski, Zbigniew"]
[Black "Klim, Juliusz"]
[Result "1-0"]
[WhiteElo "1588"]
[BlackElo "1471"]
[PlyCount "75"]
[EventDate "2022.12.14"]
[EventType "tourn"]
[EventRounds "1"]
[EventCountry "POL"]
[SourceDate "2022.12.12"]

1. d4 d5 2. Nf3 Nf6 3. c4 e6 4. Nc3 c6 5. Ne5 Nbd7 6. Bg5 Be7 7. Nxd7 Nxd7 8.
Bxe7 Qxe7 9. Qb3 dxc4 10. Qxc4 O-O 11. e4 e5 12. Be2 exd4 13. Qxd4 Re8 14. O-O
Nf6 15. Rfe1 Bg4 16. Bf1 Be6 17. e5 Nd5 18. Ne4 Qb4 19. Rad1 Qxd4 20. Rxd4 Re7
21. Nd6 Nb6 22. a3 Nc8 23. Nxb7 Bd5 24. Nc5 Nb6 25. a4 a5 26. b4 axb4 27. Rxb4
Nd7 28. Rb7 Rxe5 29. Rxe5 Nxe5 30. a5 g6 31. a6 Bc4 32. a7 Kg7 33. Bxc4 Nxc4
34. Ne6+ Kf6 35. Nc7 Rd8 36. h3 Rd1+ 37. Kh2 Nd2 38. g4 1-0

[Event "265th YMCA Autumn B"]
[Site "Warsaw"]
[Date "2022.12.14"]
[Round "12"]
[White "Tsiapko, Andrii"]
[Black "Pichurko, Jakub"]
[Result "1-0"]
[WhiteElo "1590"]
[BlackElo "1698"]
[PlyCount "70"]
[EventDate "2022.12.14"]
[EventType "tourn"]
[EventRounds "1"]
[EventCountry "POL"]
[SourceDate "2022.12.12"]

1. d4 d5 2. c4 c6 3. Nf3 Nf6 4. Nbd2 Bf5 5. Nh4 Bg6 6. Qb3 Qb6 7. Qh3 Nbd7 8.
Nxg6 fxg6 9. e3 Qc7 10. Bd3 O-O-O 11. f4 e6 12. O-O Bb4 13. Qxe6 Rde8 14. Qh3
Bxd2 15. Bxd2 Ne4 16. Bxe4 dxe4 17. b4 Kb8 18. a4 Nf6 19. Qh4 Qd7 20. a5 Rc8
21. Rfc1 Rhe8 22. Rab1 h5 23. Qe1 Qf5 24. b5 c5 25. dxc5 Qxc5 26. Bb4 Qc7 27.
Bc3 Qf7 28. Be5+ Ka8 29. c5 g5 30. c6 gxf4 31. exf4 g5 32. b6 gxf4 33. cxb7+
Kxb7 34. a6+ Kxa6 35. Ra1+ Kb5 1-0

[Event "265th YMCA Autumn B"]
[Site "Warsaw"]
[Date "2022.12.14"]
[Round "12"]
[White "Dropia, Rafal"]
[Black "Szumigaj, Marcin"]
[Result "1/2-1/2"]
[WhiteElo "1568"]
[BlackElo "1510"]
[PlyCount "50"]
[EventDate "2022.12.14"]
[EventType "tourn"]
[EventRounds "1"]
[EventCountry "POL"]
[SourceDate "2022.12.12"]

1. d4 Nf6 2. Bf4 e6 3. e3 c5 4. Nf3 d5 5. Nbd2 Nc6 6. c3 Bd6 7. dxc5 Bxc5 8.
Nb3 Bd6 9. Bxd6 Qxd6 10. Bb5 O-O 11. O-O Rd8 12. Nbd4 e5 13. Nxc6 bxc6 14. Be2
Bg4 15. Qc2 Bh5 16. Nh4 Bxe2 17. Qxe2 g6 18. Nf3 Rd7 19. Rfd1 Rad8 20. b4 h5
21. a3 Ne4 22. Rac1 Qf6 23. Nd2 Nxd2 24. Rxd2 Kg7 25. h3 Rd6 $11 1/2-1/2

[Event "265th YMCA Autumn B"]
[Site "Warsaw"]
[Date "2022.12.15"]
[Round "12"]
[White "Kurowski, Maciej"]
[Black "Wojciechowski, Franciszek"]
[Result "0-1"]
[WhiteElo "1575"]
[BlackElo "1503"]
[PlyCount "50"]
[EventDate "2022.12.14"]
[EventType "tourn"]
[EventRounds "1"]
[EventCountry "POL"]
[SourceDate "2022.12.12"]

1. e4 e6 2. Nf3 d5 3. Nc3 Nf6 4. e5 Nfd7 5. d4 c5 6. dxc5 Bxc5 7. Bd3 Nc6 8.
Bf4 a6 9. O-O Qc7 10. Qe2 Nd4 11. Nxd4 Bxd4 12. Rfe1 Nc5 13. Bg3 Bxc3 14. bxc3
Nxd3 15. Qxd3 Bd7 16. f4 Rc8 17. Re3 Bb5 18. Qd2 O-O 19. Bf2 f6 20. exf6 Rxf6
21. Rf3 Rcf8 22. g3 e5 23. Qxd5+ Kh8 24. Re1 Bc6 25. Qc5 Qd7 0-1

[Event "265th YMCA Autumn B"]
[Site "Warsaw"]
[Date "2022.12.14"]
[Round "12"]
[White "Kwiek, Janusz"]
[Black "Jaroszuk, Marcin"]
[Result "0-1"]
[WhiteElo "1428"]
[BlackElo "1495"]
[PlyCount "78"]
[EventDate "2022.12.14"]
[EventType "tourn"]
[EventRounds "1"]
[EventCountry "POL"]
[SourceDate "2022.12.12"]

1. d4 Nf6 2. Bf4 c5 3. d5 Qb6 4. b3 d6 5. e3 g6 6. Nd2 Bg7 7. Bc4 Nh5 8. Rb1
Nxf4 9. exf4 O-O 10. Ne2 Qa5 11. a4 Na6 12. O-O Bd7 13. Re1 Rfe8 14. Ne4 Nc7
15. Qd2 Qxd2 16. Nxd2 a6 17. a5 Nb5 18. b4 Na3 19. Rb3 Nxc2 20. Reb1 Nxb4 21.
Ne4 Ba4 22. Re3 Rab8 23. Bb3 Bxb3 24. Rexb3 b5 25. axb6 Rxb6 26. N2c3 Reb8 27.
Na4 R6b7 28. Nac3 Kf8 29. g4 Ke8 30. Na2 Kd7 31. g5 Kc8 32. Nc1 Nxd5 33. Rxb7
Rxb7 34. Rxb7 Kxb7 35. Kf1 a5 36. Ke1 a4 37. Kd2 Nb4 38. Nc3 a3 39. N1a2 Bxc3+
0-1

[Event "265th YMCA Autumn B"]
[Site "Warsaw"]
[Date "2022.12.21"]
[Round "13"]
[White "Klim, Juliusz"]
[Black "Pichurko, Jakub"]
[Result "1/2-1/2"]
[WhiteElo "1471"]
[BlackElo "1698"]
[PlyCount "91"]
[EventDate "2022.12.14"]
[EventType "tourn"]
[EventRounds "1"]
[EventCountry "POL"]
[SourceDate "2022.09.28"]

1. e4 d5 2. exd5 Qxd5 3. Nc3 Qd8 4. d4 Nf6 5. Bc4 a6 6. Nf3 b5 7. Bb3 c5 8.
dxc5 Qxd1+ 9. Kxd1 Bb7 10. Ke2 e6 11. Be3 Nbd7 12. a3 Bxc5 13. Ba2 O-O 14. Rhd1
Bxe3 15. fxe3 Rfd8 16. Rd2 Nc5 17. Rad1 Rxd2+ 18. Rxd2 Kf8 19. g3 Ke7 20. Ne5
Rc8 21. Rd4 Ncd7 22. Nxd7 Nxd7 23. a4 bxa4 24. Rxa4 Ne5 25. Bb3 f5 26. h3 g5
27. Kf2 Rd8 28. Rd4 Nc6 29. Rxd8 Nxd8 30. e4 Kf6 31. Ke3 h5 32. Bc4 Nc6 33.
exf5 exf5 34. Nd5+ Ke5 35. Nc7 f4+ 36. gxf4+ gxf4+ 37. Kf2 a5 38. h4 Nd4 39.
Bf7 Nf5 40. Bxh5 Nxh4 41. c3 Nf5 42. Nb5 Bc6 43. Na3 Ne3 44. b4 axb4 45. cxb4
Bd5 46. b5 $11 1/2-1/2